ბათუმის შოთა რუსთაველის სახელმწიფო უნივერსიტეტის ბიბლიოთეკა

Histoire de la litterature francaise : (ბიბ.ჩანაწერი № 40830)

000 -LEADER
fixed length control field 00927nam a2200241Ia 4500
001 - CONTROL NUMBER
control field 7470
003 - CONTROL NUMBER IDENTIFIER
control field GE_BSU
005 - DATE AND TIME OF LATEST TRANSACTION
control field 20191227113338.0
008 - FIXED-LENGTH DATA ELEMENTS--GENERAL INFORMATION
fixed length control field 181216s2013||||ge |||||||||||||| ||fre||
020 ## - INTERNATIONAL STANDARD BOOK NUMBER
International Standard Book Number 9789941434228
040 ## - CATALOGING SOURCE
Transcribing agency GE_BSU
041 ## - LANGUAGE CODE
Language code of text/sound track or separate title fre
080 ## - UNIVERSAL DECIMAL CLASSIFICATION NUMBER
Universal Decimal Classification number 821.133.1.09 D-53
100 ## - MAIN ENTRY--PERSONAL NAME
Personal name Diasamidze, Victoria
9 (RLIN) 5476
245 ## - TITLE STATEMENT
Title Histoire de la litterature francaise :
Remainder of title (IXe-XVIIe-XVIIIe-XIXe siecles) /
Statement of responsibility, etc. Victoria Diasamidze ; red. David Gotsiridze.
264 ## - PRODUCTION, PUBLICATION, DISTRIBUTION, MANUFACTURE, AND COPYRIGHT NOTICE
Place of production, publication, distribution, manufacture Batumi :
Name of producer, publisher, distributor, manufacturer Univ. d'Etat Chota Roustaveli,
Date of production, publication, distribution, manufacture, or copyright notice 2013.
300 ## - PHYSICAL DESCRIPTION
Extent 316 p.
Other physical details 21 cm.
500 ## - GENERAL NOTE
General note ბიბლიოგრ.: გვ. 266-267.
653 ## - INDEX TERM--UNCONTROLLED
keyword ფრანგული ლიტერატურა, IX-IXI ს.ს.
653 ## - INDEX TERM--UNCONTROLLED
keyword ფრანგული ლიტერატურის სახელმძღვანელოები
700 ## - ADDED ENTRY--PERSONAL NAME
Personal name Gotsiridze, David
Relator term რედაქტორი
9 (RLIN) 5982
942 ## - ADDED ENTRY ELEMENTS (KOHA)
Koha item type წიგნი
Source of classification or shelving scheme
ეგზემპლარები
Withdrawn status Lost status Source of classification or shelving scheme Damaged status Not for loan Permanent Location Current Location Shelving location Date acquired Cost, normal purchase price Full call number Barcode Date last seen Copy number Price effective from Koha item type Public note
          ბათუმის შოთა რუსთაველის სახელმწიფო უნივერსიტეტის მთავარი ბიბლიოთეკა ბათუმის შოთა რუსთაველის სახელმწიფო უნივერსიტეტის მთავარი ბიბლიოთეკა წიგნსაცავი 2018-12-17 7.47 821.133.1.09 D-53 7208 2018-12-17 7208 2018-12-17 წიგნი 7 ლ. 47 თ.
          ბათუმის შოთა რუსთაველის სახელმწიფო უნივერსიტეტის მთავარი ბიბლიოთეკა ბათუმის შოთა რუსთაველის სახელმწიფო უნივერსიტეტის მთავარი ბიბლიოთეკა წიგნსაცავი 2018-12-17 4.47 821.133.1.09 D-53 7209 2018-12-17 7209 2018-12-17 წიგნი 7 ლ. 47 თ.
          ბათუმის შოთა რუსთაველის სახელმწიფო უნივერსიტეტის მთავარი ბიბლიოთეკა ბათუმის შოთა რუსთაველის სახელმწიფო უნივერსიტეტის მთავარი ბიბლიოთეკა წიგნსაცავი 2018-12-17 4.47 821.133.1.09 D-53 7210 2018-12-17 7210 2018-12-17 წიგნი 7 ლ. 47 თ.
          ბათუმის შოთა რუსთაველის სახელმწიფო უნივერსიტეტის მთავარი ბიბლიოთეკა ბათუმის შოთა რუსთაველის სახელმწიფო უნივერსიტეტის მთავარი ბიბლიოთეკა წიგნსაცავი 2018-12-17 4.47 821.133.1.09 D-53 7211 2018-12-17 7211 2018-12-17 წიგნი 7 ლ. 47 თ.
          ბათუმის შოთა რუსთაველის სახელმწიფო უნივერსიტეტის მთავარი ბიბლიოთეკა ბათუმის შოთა რუსთაველის სახელმწიფო უნივერსიტეტის მთავარი ბიბლიოთეკა წიგნსაცავი 2018-12-17 7.47 821.133.1.09 D-53 7212 2018-12-17 7212 2018-12-17 წიგნი 7 ლ. 47 თ.